000 00390 a2200169 4500
001 50485
020 _a853220144X
040 _cAnchieta - Bela Vista
100 _aHohlfeldt, Anônio
240 1 0 _aA menina das bolhinhas de sabão
_lpor
245 1 0 _aA menina das bolhinhas de sabão
300 _a47
362 0 _a1997
440 1 _aFTD
650 4 _aLiteratura juvenil
942 _cBK
999 _c50485
_d50485